000 00668nam a2200217Ii 4500
003 JO-AjNU
008 230606s9999||||xx |||||||||||||| ||und||
020 _a0-85941-752-2
040 _aJO-AjNU
_beng
_erda
_cJO-AjNU
041 _aeng
050 1 4 _aHF5681.B2 H64 1994
100 3 _aHolmes, Geoffrey / Dunham,Robin,
_eauthor
_93106
245 0 0 _aBeyond the Balance Sheet
250 _a1 ed
264 3 1 _aNew York: Woodhead-Faulkner,1994
300 _a172p
_bIncludes indexes 170-172 p
336 _atext
_btxt
_2rdacontent
337 _aunmediated
_bn
_2rdamedia
338 _avolume
_bnc
_2rdacarrier
650 4 _aCorporation reports - Financial statements
_93107
999 _aE1628
_c1628
_d1628